000
00212nam a22001097a 4500
082
_a
621.38152LAN
100
_a
Lander
245
_a
Power Electronics
260
_a
London
_c
1981
300
_a
386
942
_c
BK
999
_c
13761
_d
13761